[Event "OSV 2- Oberhausen"]
[Site "?"]
[Date "2023.10.29"]
[Round "3.1"]
[White "Puetter, Pascal"]
[Black "Joergens, Markus"]
[Result "0-1"]
[WhiteElo "1991"]
[BlackElo "2011"]
[PlyCount "48"]
[SourceDate "2023.11.07"]

1. d4 d5 2. c4 c6 3. Nf3 Nf6 4. e3 Bf5 5. Nc3 e6 6. Nh4 Be7 7. f3 Bg6 8. g3
Nbd7 9. Be2 Qc7 10. O-O dxc4 11. Bxc4 Bd6 12. e4 e5 13. d5 Nb6 14. b3 cxd5 15.
Nxd5 Nfxd5 16. Bxd5 Bc5+ 17. Kg2 Bd4 18. Nxg6 hxg6 19. Ba3 Nxd5 20. exd5 Bxa1
21. Qxa1 Qc2+ 22. Rf2 Rxh2+ 23. Kxh2 Qxf2+ 24. Kh3 Qd4 0-1

[Event "OSV 2- Oberhausen"]
[Site "?"]
[Date "2023.10.29"]
[Round "3.2"]
[White "Seibert, Michael"]
[Black "Kyas, Jens"]
[Result "1-0"]
[WhiteElo "1925"]
[BlackElo "1873"]
[PlyCount "117"]
[SourceDate "2023.11.07"]

1. d4 d5 2. Bg5 c5 3. dxc5 h6 4. Bh4 g5 5. Bg3 Bg7 6. c3 Na6 7. e4 Nxc5 8. Qxd5
Qxd5 9. exd5 Na4 10. Bb5+ Bd7 11. Bxa4 Bxa4 12. Nd2 Rd8 13. b3 Bxc3 14. O-O-O
Bd7 15. f3 Bf5 16. Ne4 Bxe4 17. fxe4 Rc8 18. Ne2 Bg7+ 19. Kd2 Nf6 20. Kd3 O-O
21. Nd4 Rfd8 22. Rc1 Ng4 23. h3 Ne5+ 24. Bxe5 Bxe5 25. Nf5 Rxc1 26. Rxc1 Bf4
27. Rc8 Rxc8 28. Nxe7+ Kf8 29. Nxc8 Bb8 30. d6 Ke8 31. e5 Kd7 32. Ne7 f6 33.
Ng8 fxe5 34. Nxh6 Bxd6 35. Nf7 Be7 36. Nxe5+ Ke6 37. Ke4 Bd6 38. Nc4 Bc7 39. b4
a6 40. Na5 b6 41. Nc6 Kd6 42. Nd4 Bd8 43. Kf5 Kd5 44. Ne6 Be7 45. a3 Kc4 46.
Nxg5 Kb3 47. h4 Kxa3 48. h5 Bxb4 49. h6 Bc3 50. Ne4 Bh8 51. g4 b5 52. g5 b4 53.
g6 b3 54. g7 Bxg7 55. hxg7 b2 56. Nd2 a5 57. g8=Q a4 58. Nb1+ Kb4 59. Qa2 1-0

[Event "OSV 2- Oberhausen"]
[Site "?"]
[Date "2023.10.29"]
[Round "3.3"]
[White "Schwerdtfeger, Joachim"]
[Black "Stefaniak, Christian"]
[Result "1/2-1/2"]
[WhiteElo "1914"]
[BlackElo "1904"]
[Annotator "daniel"]
[PlyCount "85"]
[SourceDate "2023.11.07"]

1. e4 e6 2. d4 d5 3. Nc3 Bb4 4. exd5 exd5 5. Bd3 Ne7 6. Qh5 Qd7 7. Nge2 Qg4 8.
Qxg4 Bxg4 9. Ng3 Nbc6 10. f3 Be6 11. a3 Ba5 12. Be3 a6 13. Kf2 f6 $11 14. Na4
Bb6 15. Nxb6 cxb6 16. Rae1 Kf7 17. Re2 Rae8 18. c3 g6 19. h4 h5 20. Bf4 Nf5 21.
Nxf5 Bxf5 22. Bxf5 Rxe2+ 23. Kxe2 gxf5 24. Bc7 b5 25. Re1 Re8+ 26. Kf2 Rxe1 27.
Kxe1 Kg6 28. Ke2 Ne7 29. Ke3 Nc6 30. b3 Kf7 31. Kf4 Ke6 32. g4 fxg4 33. fxg4
hxg4 34. Kxg4 Ne7 35. h5 Kf7 36. Bd8 Nc6 37. Bb6 Ne7 38. Bc5 Ng8 39. Bd6 Nh6+
40. Kf4 Ng8 41. Kf5 Nh6+ 42. Kf4 Ng8 43. Kf5 1/2-1/2

[Event "OSV 2- Oberhausen"]
[Site "?"]
[Date "2023.10.29"]
[Round "3.4"]
[White "Gerst, Michael"]
[Black "Heintze, Sven"]
[Result "1/2-1/2"]
[WhiteElo "1905"]
[BlackElo "1824"]
[PlyCount "43"]
[SourceDate "2023.11.07"]

1. d4 d5 2. c4 e6 3. Nc3 Nf6 4. Nf3 Be7 5. Bg5 h6 6. Bh4 O-O 7. e3 b6 8. cxd5
exd5 9. Rc1 Bb7 10. Bd3 Nbd7 11. O-O Ne8 12. Bxe7 Qxe7 13. Qa4 c5 14. Bf5 Ndf6
15. Rfd1 Nd6 16. Bb1 c4 17. Ne5 Rfc8 18. Qc2 b5 19. Re1 a6 20. h3 Re8 21. Ng4
Nde4 22. Ne5 1/2-1/2

[Event "OSV 2- Oberhausen"]
[Site "?"]
[Date "2023.10.29"]
[Round "3.5"]
[White "Kuckelkorn, Joerg"]
[Black "Kraus, Kilian"]
[Result "1/2-1/2"]
[WhiteElo "1813"]
[BlackElo "1909"]
[PlyCount "48"]
[SourceDate "2023.11.07"]

1. f4 d5 2. Nf3 Nf6 3. g3 b6 4. Bg2 Bb7 5. d3 e6 6. O-O Bc5+ 7. e3 Nbd7 8. Nc3
O-O 9. Qe2 Re8 10. Ne5 a5 11. Bd2 Bd6 12. Nxd7 Qxd7 13. e4 dxe4 14. Nxe4 Nxe4
15. Bxe4 Bc5+ 16. Kg2 Bxe4+ 17. Qxe4 Rad8 18. Bc3 Bd4 19. Bxd4 Qxd4 20. Qxd4
Rxd4 21. Rae1 f6 22. Re3 c5 23. Rfe1 Kf7 24. Kf3 h6 1/2-1/2

[Event "OSV 2- Oberhausen"]
[Site "?"]
[Date "2023.10.29"]
[Round "3.6"]
[White "Groß, Thomas"]
[Black "Zimmer, Miguel"]
[Result "1/2-1/2"]
[WhiteElo "1903"]
[BlackElo "1742"]
[PlyCount "35"]
[SourceDate "2023.11.07"]

1. Nf3 d5 2. g3 c6 3. Bg2 Bg4 4. c4 e6 5. Qb3 Qb6 6. d3 Nd7 7. Be3 Qb4+ 8. Nbd2
Bxf3 9. Bxf3 Ngf6 10. O-O Be7 11. a3 Qxb3 12. Nxb3 a5 13. Bg2 a4 14. Nd4 O-O
15. Bd2 Rfd8 16. Bc3 dxc4 17. dxc4 Nb6 18. Rac1 1/2-1/2

[Event "OSV 2- Oberhausen"]
[Site "?"]
[Date "2023.10.29"]
[Round "3.7"]
[White "Hortolani, Holger"]
[Black "Kohl, Niclas"]
[Result "1/2-1/2"]
[WhiteElo "2027"]
[BlackElo "1765"]
[PlyCount "154"]
[SourceDate "2023.11.07"]

1. Nf3 Nf6 2. g3 g6 3. b3 Bg7 4. Bb2 O-O 5. Bg2 d6 6. d4 c5 7. O-O cxd4 8. Nxd4
Re8 9. c4 Nbd7 10. Nc3 Nf8 11. Qd2 a6 12. Rfd1 h5 13. h3 Rb8 14. Rac1 Bd7 15.
Nd5 Nxd5 16. cxd5 Qb6 17. Nf3 Rbc8 18. Bxg7 Kxg7 19. Nd4 Nh7 20. Qe3 Qa5 21.
Rxc8 Bxc8 22. Rc1 Bd7 23. Qc3 Qxc3 24. Rxc3 Rc8 25. Rxc8 Bxc8 26. e4 Nf6 27.
Kf1 Kf8 28. Ke2 Nd7 29. Ke3 f6 30. Ne6+ Kf7 31. f4 Nc5 32. Nd4 Bd7 33. Nf3 e5
34. dxe6+ Kxe6 35. Nh4 Kf7 36. b4 Na4 37. Kd4 Bc6 38. Bf3 Nb6 39. f5 g5 40.
Bxh5+ Kg7 41. Ng2 Nd7 42. Be2 Ne5 43. Ne3 b5 44. Nd5 Bb7 45. Nc7 Nc6+ 46. Kc3
Ne5 47. Ne8+ Kf8 48. Nxd6 Bc6 49. Kd4 Nd7 50. a4 bxa4 51. Bxa6 a3 52. Bc4 Ke7
53. Nc8+ Kd8 54. Na7 Ba4 55. Kc3 Nb6 56. Bb3 Bd7 57. b5 Kc7 58. Kb4 Kb7 59. Nc6
Bxc6 60. bxc6+ Kxc6 61. Kxa3 Kd6 62. h4 gxh4 63. gxh4 Nd7 64. Kb4 Ke5 65. Bd5
Kf4 66. h5 Kg5 67. Bf7 Ne5 68. Bg6 Ng4 69. Kc5 Nh6 70. Kd6 Ng4 71. Ke7 Nh6 72.
Kf8 Ng4 73. Kg7 Nh6 74. e5 fxe5 75. f6 e4 76. f7 Nxf7 77. Bxf7 e3 1/2-1/2

[Event "Sodingen 2- Dorsten"]
[Site "?"]
[Date "2023.10.29"]
[Round "3.1"]
[White "Ahling, Michael"]
[Black "Foerster, Wolfgang"]
[Result "1/2-1/2"]
[WhiteElo "2128"]
[BlackElo "1984"]
[PlyCount "100"]
[SourceDate "2023.11.07"]

1. d4 c5 2. c3 cxd4 3. cxd4 d5 4. Nc3 Nf6 5. Bf4 Nc6 6. e3 a6 7. Rc1 e6 8. Nf3
Bd6 9. Bxd6 Qxd6 10. Bd3 O-O 11. O-O b5 12. Qe2 Bd7 13. Rfd1 e5 14. dxe5 Nxe5
15. Nxe5 Qxe5 16. h3 Rfe8 17. Qd2 Be6 18. Be2 Rac8 19. Bf3 Ne4 20. Qd4 Qxd4 21.
Rxd4 f5 22. a4 Rc5 23. axb5 axb5 24. Ra1 Rb8 25. Ra5 Nxc3 26. bxc3 Kf7 27. Kf1
Kf6 28. Ke2 Rxc3 29. Bxd5 Rb6 30. Bxe6 Kxe6 31. Rb4 Rc2+ 32. Kf3 Rc5 33. Ra7
Kf6 34. g4 h6 35. Ra8 fxg4+ 36. hxg4 h5 37. gxh5 Rxh5 38. Rd8 Rf5+ 39. Ke2 Rc5
40. f4 g5 41. Rh8 Kg7 42. Rh5 Kg6 43. Rxg5+ Rxg5 44. fxg5 Kxg5 45. Kd3 Kf5 46.
Kd4 Rd6+ 47. Kc5 Rd3 48. e4+ Ke5 49. Kxb5 Rd4 50. Rxd4 Kxd4 1/2-1/2

[Event "Sodingen 2- Dorsten"]
[Site "?"]
[Date "2023.10.29"]
[Round "3.2"]
[White "Ribbeheger, Edgar"]
[Black "Hermanowski, Mark"]
[Result "0-1"]
[WhiteElo "1971"]
[BlackElo "1906"]
[PlyCount "80"]
[SourceDate "2023.11.07"]

1. d4 e6 2. c4 b6 3. Nc3 Bb7 4. Nf3 h6 5. e3 g5 6. h4 g4 7. Ne5 h5 8. Qc2 Be7
9. b3 d6 10. Nd3 Bxh4 11. Bb2 Bg5 12. O-O-O Nf6 13. Nf4 Qe7 14. d5 e5 15. Ng6
Bxe3+ 16. fxe3 fxg6 17. Qxg6+ Qf7 18. Bd3 Qxg6 19. Bxg6+ Ke7 20. Nb5 Na6 21. g3
Rh6 22. Bf5 Rf8 23. e4 Bc8 24. Nxa7 Bxf5 25. Nc6+ Kd7 26. exf5 Ne4 27. Rh2 Rxf5
28. Rg1 Rf3 29. Bxe5 Nac5 30. Bf4 Nd3+ 31. Kc2 Nxf4 32. gxf4 Rxf4 33. Re2 Rh8
34. Rge1 Re8 35. Nd4 g3 36. Ne6 Rf2 37. Kd3 Rxe2 38. Kxe2 Ng5 39. Rh1 g2 40.
Rg1 Nh3 0-1

[Event "Sodingen 2- Dorsten"]
[Site "?"]
[Date "2023.10.29"]
[Round "3.3"]
[White "Tig, Achmet"]
[Black "Reinholz, Benjamin"]
[Result "0-1"]
[WhiteElo "1945"]
[BlackElo "1981"]
[PlyCount "54"]
[SourceDate "2023.11.07"]

1. d4 f5 2. Nf3 Nf6 3. c4 g6 4. g3 Bg7 5. Bg2 d6 6. O-O O-O 7. Nc3 Nc6 8. Re1
Bd7 9. a3 Ne4 10. Qd3 Nxc3 11. Qxc3 e5 12. dxe5 dxe5 13. Bg5 Qe8 14. Be3 f4 15.
Bc5 e4 16. Qd2 Rf5 17. Bh3 exf3 18. exf3 Qf7 19. Bxf5 Qxf5 20. Rad1 fxg3 21.
hxg3 Be6 22. Qe2 Re8 23. Rd5 Qf7 24. b4 Bd7 25. Be3 Ne5 26. Kg2 Nxf3 27. Qxf3
Bh3+ 0-1

[Event "Sodingen 2- Dorsten"]
[Site "?"]
[Date "2023.10.29"]
[Round "3.4"]
[White "Haberhausen, Ansgar"]
[Black "Heinrichs, Maximilian"]
[Result "1-0"]
[WhiteElo "2006"]
[BlackElo "1823"]
[Annotator "daniel"]
[PlyCount "61"]
[SourceDate "2023.11.07"]

1. d4 Nf6 2. Nf3 e6 3. Bf4 d5 4. e3 Nbd7 5. c4 c6 6. Nc3 Be7 7. Bd3 O-O 8. h3
Re8 9. O-O Nf8 10. c5 Ng6 11. Bh2 Bf8 12. b4 Nd7 13. Qc2 Be7 14. b5 Bf6 15.
Rac1 e5 $11 16. Bxg6 hxg6 17. Qa4 Qc7 18. Rfd1 cxb5 19. Qxb5 Qc6 20. Qb3 exd4
21. exd4 b6 22. Qxd5 Qxd5 23. Nxd5 Bd8 24. c6 Nf6 25. Nxf6+ Bxf6 26. d5 Bf5 27.
d6 Re2 28. Nd4 Rxa2 29. Nxf5 gxf5 30. c7 a5 31. d7 1-0

[Event "Sodingen 2- Dorsten"]
[Site "?"]
[Date "2023.10.29"]
[Round "3.5"]
[White "Nashir, Ramin"]
[Black "Cobanoglu, Ferhat"]
[Result "0-1"]
[WhiteElo "1822"]
[BlackElo "1951"]
[PlyCount "144"]
[SourceDate "2023.11.07"]

1. Nf3 Nf6 2. g3 b5 3. Bg2 Bb7 4. O-O e6 5. d4 Be7 6. Bf4 O-O 7. Re1 d5 8. c3
Nbd7 9. Qb3 a6 10. Nbd2 Nb6 11. Bg5 c5 12. dxc5 Na4 13. Qc2 Nxc5 14. Rad1 Qc8
15. Ne5 Qc7 16. Bxf6 Bxf6 17. Ng4 Be7 18. e4 Rad8 19. e5 h5 20. Ne3 Qb6 21. Nf3
a5 22. Nd4 Nd7 23. f4 Bc5 24. Kh1 b4 25. Qe2 g6 26. Bf3 Kg7 27. f5 Nxe5 28. f6+
Kh7 29. Bxh5 Rh8 30. Nef5 exf5 31. Qxe5 Rhe8 32. Qf4 Qxf6 33. Bf3 Rxe1+ 34.
Rxe1 Bxd4 35. cxd4 g5 36. Qc7 Ba8 37. Re7 Rf8 38. Qc5 Kg7 39. Ra7 Qe6 40. Re7
Qa6 41. Be2 Qf6 42. Re5 f4 43. Qc1 Rh8 44. Bd3 Bb7 45. Rf5 Qxd4 46. Rxg5+ Kf8
47. Qxf4 Qxf4 48. gxf4 Rh4 49. f5 Ke7 50. Kg2 Kf6 51. Rg8 Rd4 52. Rg3 Bc8 53.
Kf2 Rh4 54. Rg8 Rxh2+ 55. Kg3 Rd2 56. Rxc8 Rxd3+ 57. Kf4 Rd4+ 58. Ke3 Rc4 59.
Ra8 Kxf5 60. Rxa5 Ke5 61. a3 f5 62. Ra8 Re4+ 63. Kd3 Rd4+ 64. Ke2 Rg4 65. Kf3
Rh4 66. Ra4 Rf4+ 67. Kg3 Rg4+ 68. Kf3 bxa3 69. Rxa3 Rf4+ 70. Ke2 Rb4 71. b3 Kd4
72. Kd2 f4 0-1

[Event "Sodingen 2- Dorsten"]
[Site "?"]
[Date "2023.10.29"]
[Round "3.6"]
[White "Baumeister, Christoph"]
[Black "Vengels, Joachim"]
[Result "1-0"]
[WhiteElo "1920"]
[BlackElo "1976"]
[PlyCount "53"]
[SourceDate "2023.11.07"]

1. e4 c6 2. d4 d5 3. Nc3 dxe4 4. Nxe4 Nd7 5. Nf3 Ngf6 6. Ng3 e6 7. Bd3 Be7 8.
O-O O-O 9. b3 c5 10. Bb2 b6 11. Qe2 Bb7 12. Rfd1 Qc7 13. Rac1 Nd5 14. c4 Nf4
15. Qe3 Nxd3 16. Rxd3 Nf6 17. Rcd1 Rad8 18. Ne5 Nd7 19. Nxd7 Rxd7 20. d5 exd5
21. cxd5 Qd8 22. Bxg7 Kxg7 23. Nf5+ Kh8 24. Qh6 Rg8 25. Rh3 Rxg2+ 26. Kxg2 Qg8+
27. Rg3 1-0

[Event "Sodingen 2- Dorsten"]
[Site "?"]
[Date "2023.10.29"]
[Round "3.7"]
[White "Nowok, Frank"]
[Black "Winterkamp, Sascha"]
[Result "0-1"]
[WhiteElo "1847"]
[BlackElo "1925"]
[PlyCount "62"]
[SourceDate "2023.11.07"]

1. e4 c5 2. Nf3 d6 3. d3 Nf6 4. g3 Nc6 5. Bg2 g6 6. O-O Bg7 7. Re1 O-O 8. h3
Rb8 9. a4 Nd7 10. Nbd2 a6 11. Nb3 b5 12. axb5 axb5 13. c3 b4 14. d4 Qb6 15. Rb1
c4 16. Nbd2 Ba6 17. Ra1 Rfc8 18. Nf1 Bb5 19. Ne3 Qd8 20. Ng4 Nf6 21. Nh6+ Kf8
22. d5 Ne5 23. Nxe5 dxe5 24. cxb4 c3 25. bxc3 Rxc3 26. Bd2 Rd3 27. Qc1 Rc8 28.
Qb2 Qb6 29. Ra5 Bd7 30. Bf1 Rxg3+ 31. Kh1 Qxf2 0-1

[Event "Sodingen 2- Dorsten"]
[Site "?"]
[Date "2023.10.29"]
[Round "3.8"]
[White "Schriewer, Thomas"]
[Black "Hater, Norbert"]
[Result "1/2-1/2"]
[WhiteElo "1874"]
[BlackElo "1828"]
[PlyCount "67"]
[SourceDate "2023.11.07"]

1. d4 g6 2. Nf3 Bg7 3. c4 d6 4. Nc3 Nc6 5. e3 e5 6. d5 Nce7 7. e4 f5 8. Ng5 Nf6
9. Be2 O-O 10. O-O h6 11. Ne6 Bxe6 12. dxe6 fxe4 13. Qb3 Rb8 14. Rd1 c6 15. f3
exf3 16. Bxf3 Qc7 17. Be3 b6 18. Rd2 Rbe8 19. Bf2 Kh7 20. Rad1 Nc8 21. Qa4 Rxe6
22. Bxc6 Ne7 23. Bd5 Nfxd5 24. cxd5 Ref6 25. Nb5 Qd7 26. Qxa7 Qxb5 27. Qxe7
R8f7 28. Qd8 Rxf2 29. Rxf2 Qc5 30. Qh4 e4 31. Kf1 Qc4+ 32. Ke1 Qb4+ 33. Kf1
Qc4+ 34. Ke1 1/2-1/2

[Event "Gerthe- Brackel 3"]
[Site "?"]
[Date "2023.10.29"]
[Round "3.1"]
[White "Tkachuk, Sergiy"]
[Black "Quast, Marcel"]
[Result "1/2-1/2"]
[WhiteElo "2197"]
[BlackElo "2163"]
[PlyCount "82"]
[SourceDate "2023.11.07"]

1. e4 e5 2. Nf3 d6 3. d4 exd4 4. Nxd4 Nf6 5. Nc3 Be7 6. Be2 O-O 7. O-O Re8 8.
f4 Bf8 9. Bf3 c5 10. Nde2 Nc6 11. f5 Rb8 12. Bg5 Be7 13. Bf4 Ne5 14. Nd5 b5 15.
Bxe5 dxe5 16. Nxe7+ Qxe7 17. g4 Bb7 18. Ng3 Nd7 19. Qe2 c4 20. Qe3 Qc5 21. Kf2
Red8 22. Rfd1 Qxe3+ 23. Kxe3 Nb6 24. b3 Kf8 25. g5 f6 26. gxf6 gxf6 27. Nh5 Nd7
28. Rd6 Ke7 29. Rad1 Ba8 30. Ra6 cxb3 31. cxb3 Rb6 32. Rxa7 Bb7 33. b4 Rc8 34.
Ng7 Rc3+ 35. Rd3 Rxd3+ 36. Kxd3 Nb8 37. a4 Nc6 38. a5 Nxa7 39. axb6 Nc8 40. Ne6
Nxb6 41. Nc5 Bc6 1/2-1/2

[Event "Gerthe- Brackel 3"]
[Site "?"]
[Date "2023.10.29"]
[Round "3.2"]
[White "Gottmann, Bernd"]
[Black "Althoff, Ralph"]
[Result "0-1"]
[WhiteElo "1970"]
[BlackElo "2024"]
[PlyCount "86"]
[SourceDate "2023.11.07"]

1. d4 d5 2. c4 e6 3. Nc3 Be7 4. cxd5 exd5 5. Bf4 c6 6. Qc2 g6 7. e3 Bf5 8. Qd2
Nd7 9. Nge2 Ngf6 10. Ng3 Be6 11. Bd3 h6 12. h4 a5 13. a3 a4 14. f3 Nb6 15. h5
g5 16. Be5 O-O 17. Nf5 Bxf5 18. Bxf5 Nc4 19. Qe2 Ne8 20. Bd3 Ned6 21. O-O Re8
22. Qf2 Qb6 23. Rab1 Nxe5 24. dxe5 Nc4 25. Bxc4 dxc4 26. f4 Bc5 27. Rbe1 f5 28.
Kh1 g4 29. Qc2 Rf8 30. Nxa4 Qd8 31. g3 Qd5+ 32. Kh2 Rxa4 33. Qxa4 Qf7 34. Kg1
Rd8 35. Qc2 Rd3 36. Qc1 Qd5 37. Rf2 Qe4 38. Ree2 Bxe3 39. Rxe3 Qxe3 40. Qxc4+
Kg7 41. Qb4 Qxg3+ 42. Kf1 Rd1+ 43. Ke2 Qd3# 0-1

[Event "Gerthe- Brackel 3"]
[Site "?"]
[Date "2023.10.29"]
[Round "3.3"]
[White "Tomasjan, Samuel"]
[Black "Melmer, Felix"]
[Result "1-0"]
[WhiteElo "1992"]
[BlackElo "1899"]
[PlyCount "63"]
[SourceDate "2023.11.07"]

1. e4 c5 2. c3 e6 3. d4 d5 4. exd5 exd5 5. Nf3 Nf6 6. Bd3 c4 7. Bc2 Bd6 8. O-O
O-O 9. b3 b5 10. a4 cxb3 11. Bxb3 bxa4 12. Rxa4 Bd7 13. Ra1 Qc7 14. Bg5 Bb5 15.
Bxf6 Bxf1 16. Qxf1 gxf6 17. Bxd5 Nc6 18. Ra6 Ne7 19. Bxa8 Rxa8 20. c4 Ng6 21.
Nc3 Bf8 22. Nd5 Qb7 23. Nxf6+ Kh8 24. c5 Nf4 25. Ne5 Bg7 26. Rd6 Qe7 27. Nd5
Nxd5 28. Rxd5 Qe8 29. Qc4 a5 30. Nxf7+ Kg8 31. Rd8 Rxd8 32. Nd6+ 1-0

[Event "Gerthe- Brackel 3"]
[Site "?"]
[Date "2023.10.29"]
[Round "3.5"]
[White "Kalle, Yannis"]
[Black "Al Tarboush, Hussam"]
[Result "1-0"]
[WhiteElo "1808"]
[BlackElo "2012"]
[PlyCount "63"]
[SourceDate "2023.11.07"]

1. e4 d6 2. d4 Nf6 3. Nc3 Nbd7 4. Nf3 e5 5. Bg5 Be7 6. Bc4 a6 7. a4 O-O 8. Qd2
Qe8 9. O-O-O b5 10. dxe5 bxc4 11. exf6 Nxf6 12. e5 Ng4 13. Bxe7 Qxe7 14. exd6
Qxd6 15. Qg5 Qb4 16. Rd8 Be6 17. Rhd1 f6 18. Rxa8 Rxa8 19. Qf4 Rb8 20. Qxc7
Qxb2+ 21. Kd2 Nxf2 22. Re1 Rc8 23. Qe7 Bf5 24. Nd4 Qb8 25. Nxf5 Qf4+ 26. Ne3
Rb8 27. Qe6+ Kf8 28. Qxc4 Rd8+ 29. Ke2 Rd4 30. Qc8+ Kf7 31. Ncd5 Ne4 32. Nxf4
1-0

[Event "Gerthe- Brackel 3"]
[Site "?"]
[Date "2023.10.29"]
[Round "3.5"]
[White "Bense, Dirk"]
[Black "Meise, Ulrich"]
[Result "1-0"]
[WhiteElo "1972"]
[BlackElo "1789"]
[PlyCount "83"]
[SourceDate "2023.11.07"]

1. e4 e5 2. Nf3 Nc6 3. Bc4 Bc5 4. O-O Nf6 5. d3 O-O 6. c3 a5 7. h3 h6 8. Re1 d6
9. Nbd2 Rb8 10. Nf1 b5 11. Bb3 Re8 12. Ne3 Bxe3 13. Bxe3 a4 14. Bc2 Bb7 15. Rc1
d5 16. exd5 Nxd5 17. c4 Nxe3 18. Rxe3 Nd4 19. Nxd4 exd4 20. Rxe8+ Qxe8 21. cxb5
Qxb5 22. Bxa4 Qg5 23. Bc6 Ba6 24. Rc2 Bc8 25. Qd2 Qf6 26. b4 Qd6 27. b5 Be6 28.
Qa5 Qe5 29. Qb4 Bf5 30. Rc5 Qd6 31. Rc4 Qe6 32. Rxd4 Qxa2 33. Bd5 Qa1+ 34. Kh2
Bg6 35. Bc6 Qd1 36. Qe7 Qc2 37. Qxc7 Rf8 38. Qd6 Qb3 39. Bd7 Rd8 40. Qc7 Ra8
41. b6 Kh7 42. Bc6 1-0

[Event "Gerthe- Brackel 3"]
[Site "?"]
[Date "2023.10.29"]
[Round "3.6"]
[White "Loeffelbein, Klaus"]
[Black "Strathoff, Dirk"]
[Result "0-1"]
[WhiteElo "1760"]
[BlackElo "1902"]
[PlyCount "54"]
[SourceDate "2023.11.07"]

1. d4 Nf6 2. Nf3 e6 3. c4 d5 4. Nc3 dxc4 5. e3 c5 6. Bxc4 a6 7. a4 cxd4 8. exd4
Bb4 9. O-O O-O 10. Bg5 h6 11. Bxf6 Qxf6 12. Ne4 Qf4 13. Qe2 Nc6 14. Rfd1 Na5
15. Bd3 Nb3 16. Ra2 Nc1 17. Qc2 Nxa2 18. Qb1 Bd7 19. Qxa2 Rac8 20. Ne5 Rc1 21.
Qb3 Rxd1+ 22. Qxd1 Rc8 23. Nc4 Rxc4 24. Nf6+ Qxf6 25. Bxc4 Bc6 26. Be2 Qg5 27.
g3 Qd2 0-1

[Event "Gerthe- Brackel 3"]
[Site "?"]
[Date "2023.10.29"]
[Round "3.7"]
[White "Hendler, Markus"]
[Black "Boost, Juergen"]
[Result "1/2-1/2"]
[WhiteElo "1835"]
[BlackElo "1797"]
[PlyCount "36"]
[SourceDate "2023.11.07"]

1. e4 e5 2. Nf3 Nc6 3. Bb5 Bc5 4. O-O Nf6 5. Nxe5 Nxe5 6. d4 a6 7. Be2 Be7 8.
dxe5 Nxe4 9. Qd3 d5 10. Bf3 f5 11. exf6 Nxf6 12. Bg5 c6 13. c4 d4 14. Rd1 O-O
15. Qxd4 Qxd4 16. Rxd4 Bc5 17. Rd1 Bxf2+ 18. Kxf2 Ne4+ 1/2-1/2

[Event "Gerthe- Brackel 3"]
[Site "?"]
[Date "2023.10.29"]
[Round "3.8"]
[White "Berghaus, Matthias"]
[Black "Seref, Serkan"]
[Result "1/2-1/2"]
[WhiteElo "1755"]
[BlackElo "1664"]
[PlyCount "140"]
[SourceDate "2023.11.07"]

1. c4 e5 2. Nc3 Nc6 3. Nf3 f5 4. d4 exd4 5. Nxd4 d6 6. Nxc6 bxc6 7. g3 Bb7 8.
Bg2 Nf6 9. Qa4 Qd7 10. Be3 a6 11. Rd1 Be7 12. O-O O-O 13. Qa5 Ng4 14. Bc1 Rfc8
15. h3 Nf6 16. Rd3 Qe6 17. Re3 Qd7 18. Rd1 g6 19. Na4 Qe8 20. b3 Qf7 21. Nc3
Bf8 22. Red3 Nd7 23. Ba3 Bg7 24. f4 Qe6 25. e4 fxe4 26. Nxe4 Qf5 27. Qxf5 gxf5
28. Ng5 Re8 29. Bxd6 cxd6 30. Rxd6 Nf6 31. Bxc6 Bxc6 32. Rxc6 Nh5 33. Kf2 Bc3
34. Rc7 Nf6 35. Rc6 h6 36. Ne6 Re7 37. Nc7 Rc8 38. Nd5 Ne4+ 39. Kg2 Rce8 40.
Nxe7+ Rxe7 41. Rxa6 Nc5 42. Ra8+ Kf7 43. Rd5 Ne6 44. Rxf5+ Kg6 45. Rd5 Nc7 46.
Rd6+ Kf5 47. Rf8+ Ke4 48. Rfd8 Ne6 49. Rd1 Nxd8 50. Rxd8 Bd4 51. f5 Kd3 52. Kf3
Kc3 53. Rd6 Re3+ 54. Kf4 Re2 55. Re6 Rxa2 56. g4 Kxb3 57. Ke4 Kxc4 58. Rc6+ Bc5
59. Rxh6 Re2+ 60. Kf3 Re3+ 61. Kf4 Re8 62. Re6 Rh8 63. Kg3 Kd5 64. Ra6 Bd6+ 65.
Kg2 Ke5 66. f6 Rd8 67. g5 Kf4 68. f7 Kxg5 69. Rxd6 Rf8 70. Rd7 Kg6 1/2-1/2

[Event "FS Dortmund-SV Ahlen"]
[Site "?"]
[Date "2023.10.29"]
[Round "2.1"]
[White "Steinle, Carsten"]
[Black "Khess, Igor"]
[Result "1/2-1/2"]
[WhiteElo "2006"]
[BlackElo "1978"]
[PlyCount "81"]
[EventDate "2023.??.??"]
[SourceDate "2023.11.07"]
[WhiteTeam "SV Ahlen 1954 e. V."]
[BlackTeam "Freier SPVER8 Dort"]

1. Nf3 Nf6 2. c4 b6 3. g3 Bb7 4. Bg2 e6 5. O-O Be7 6. b3 O-O 7. Bb2 c5 8. Nc3
d5 9. cxd5 Nxd5 10. Rc1 Bf6 11. Qc2 Nxc3 12. Bxc3 Nc6 13. Rfd1 Qe7 14. Qb2 Bxc3
15. Qxc3 Rfd8 16. d3 Nd4 17. Nxd4 Rxd4 18. Qd2 Bxg2 19. Kxg2 Rad8 20. Rc4 h6
21. Rdc1 Qb7+ 22. Kg1 Qa6 23. Rxd4 Rxd4 24. Rc4 Qb5 25. Qe3 Qd7 26. Qf3 Kh7 27.
Rxd4 cxd4 28. h4 Kg8 29. Qa8+ Kh7 30. Qe4+ Kg8 31. Kg2 h5 32. Kf1 g6 33. Kg2
Kg7 {(=)} 34. f4 f6 35. Kf2 Kf7 36. Ke1 Kg7 37. b4 Qd5 38. Qxd5 exd5 39. Kd2 f5
40. e3 b5 41. exd4 {(=)} 1/2-1/2

[Event "FS Dortmund-SV Ahlen"]
[Site "?"]
[Date "2023.10.29"]
[Round "2.2"]
[White "Schulz, Oliver"]
[Black "Torres-Kuckel, Rafael"]
[Result "1-0"]
[WhiteElo "1955"]
[BlackElo "2125"]
[PlyCount "82"]
[EventDate "2023.??.??"]
[SourceDate "2023.11.07"]
[WhiteTeam "Freier SPVER8 Dort"]
[BlackTeam "SV Ahlen 1954 e. V."]

1. d4 Nf6 2. c4 g6 3. Nc3 Bg7 4. Bg5 h6 5. Bh4 d6 6. Nf3 Nbd7 7. e3 O-O 8. Be2
e5 9. Qc2 c6 10. O-O Qe7 11. Rfd1 Re8 12. b4 g5 13. Bg3 Nh5 14. Rac1 Nf8 15.
dxe5 Nxg3 16. hxg3 dxe5 17. c5 f5 18. Nd2 f4 19. Nc4 fxg3 20. fxg3 Be6 21. Nd6
Red8 22. Bd3 a5 23. a3 axb4 24. axb4 Ra3 25. Ra1 Rxc3 26. Qxc3 e4 27. Qa3 Bxa1
28. Qxa1 {(=)} exd3 29. Rxd3 Ng6 30. Qa5 Rf8 31. Qa1 Bg4 32. Ra3 Qe5 33. Qb1
Bf5 34. Qa2+ Be6 35. Qb1 Qf6 36. Ra7 Qf2+ 37. Kh1 Ne5 38. g4 Qh4+ 39. Kg1 Qf2+
40. Kh1 Qxe3 41. Rxb7 Qe2 1-0

[Event "FS Dortmund-SV Ahlen"]
[Site "?"]
[Date "2023.10.29"]
[Round "2.3"]
[White "Woestmann, Ulrich"]
[Black "Brendemühl, Bernd"]
[Result "0-1"]
[WhiteElo "1939"]
[BlackElo "1977"]
[PlyCount "78"]
[EventDate "2023.??.??"]
[SourceDate "2023.11.07"]
[WhiteTeam "SV Ahlen 1954 e. V."]
[BlackTeam "Freier SPVER8 Dort"]

1. e4 c5 2. Nc3 g6 3. g3 Bg7 4. Bg2 Nc6 5. f4 d6 6. d3 Nf6 7. Nf3 O-O 8. O-O
Bd7 9. f5 gxf5 10. Nh4 fxe4 11. Nxe4 Ne5 12. Nf5 Bxf5 13. Rxf5 Nxe4 14. dxe4
Qb6 15. Qh5 c4+ 16. Kh1 e6 17. Rg5 f6 18. Rxg7+ Kxg7 19. Bh6+ Kg8 20. Bxf8 Rxf8
21. Bh3 d5 22. exd5 exd5 23. b3 Qd4 24. Rd1 Qe4+ 25. Bg2 Qxc2 26. Bxd5+ Kg7 27.
bxc4 b5 28. Rf1 bxc4 29. Qh4 Qd3 30. Bg2 c3 31. Qf4 Ng6 32. Qc1 Rd8 33. h3 c2
34. Kh2 Rb8 35. Rf2 Rc8 36. Bf3 Rc3 37. g4 Ne5 38. Bg2 Qg3+ 39. Kg1 Qxf2+ 0-1

[Event "FS Dortmund-SV Ahlen"]
[Site "?"]
[Date "2023.10.29"]
[Round "2.4"]
[White "Mewes, Karsten"]
[Black "Volesky, Alexander"]
[Result "1-0"]
[WhiteElo "1936"]
[BlackElo "1999"]
[PlyCount "87"]
[EventDate "2023.??.??"]
[SourceDate "2023.11.07"]
[WhiteTeam "Freier SPVER8 Dort"]
[BlackTeam "SV Ahlen 1954 e. V."]

1. Nf3 Nf6 2. c4 d6 3. d4 Nbd7 4. Nc3 c6 5. e4 e5 6. Be2 Be7 7. O-O Qc7 8. Be3
Nf8 9. d5 Ng6 10. Ne1 O-O 11. Nd3 Nd7 12. Bg4 Nb6 13. Bxc8 Qxc8 14. b3 f5 15.
f3 f4 16. Bf2 Nh4 17. dxc6 bxc6 18. c5 dxc5 19. Nxc5 Rf6 20. Bxh4 Bxc5+ 21. Bf2
Qf8 22. Qe2 Rh6 23. Rac1 Ba3 24. Rcd1 Qf7 25. Rd3 Qh5 26. h3 Rg6 27. Kh2 Be7
28. Rfd1 Rf8 29. Bxb6 axb6 30. Rd7 Bh4 31. R7d6 b5 32. a4 Rxd6 33. Rxd6 Qf7 34.
Qd1 bxa4 35. Nxa4 Rb8 36. Rd3 {in beiden Notationen ist nun 36.-,Ta7 vermerkt,
wahrscheinlicher ist:} Qa7 37. Qc2 Qb7 38. Qc3 Qc7 39. Qc4+ Kh8 40. Qc5 h6 41.
Kg1 Rb5 42. Qf8+ Kh7 43. Qf5+ Kg8 44. Rd7 1-0